00339 a2200133 450000100060000002000150000604000240002110000190004524000560006424500510012030000080017136200090017965000170018870818 a8574901970 cAnchieta - Itaigara aCosta, Messias10aA educação nas constituições do Brasillpor10aA educação nas constituições do Brasil a1360 a2002 4aEducação